| 000 | 01365cam a2200349 i 4500 | ||
|---|---|---|---|
| 001 | 021053825 | ||
| 003 | Uk | ||
| 005 | 20251209134158.0 | ||
| 008 | 251209t20242024enka|||| |||| 001 0 eng d | ||
| 020 |
_a9781292721927 _qpaperback |
||
| 040 |
_aStDuBDS _beng _cStDuBDS _erda _dMY-SjTCS |
||
| 082 | 0 | 4 |
_a612 _bMAR 2024 |
| 100 | 1 |
_aMartini, Frederic, _eauthor. _915809 |
|
| 245 | 1 | 0 |
_aFundamentals of anatomy & physiology / _cFrederic H. Martini, Judi L. Nath, Edwin F. Bartholomew ; William C. Ober, art coordinator and illustrator ; Claire E. Ober, illustrator. |
| 250 | _aTwelfth edition. | ||
| 250 | _aGlobal edition. | ||
| 264 | 1 |
_aHarlow, England : _bPearson Education Limited, _c[2024] |
|
| 264 | 4 | _c©2024 | |
| 300 |
_a1278 pages : _bcolor illustrations ; _c28 cm |
||
| 336 |
_atext _2rdacontent |
||
| 337 |
_aunmediated _2rdamedia |
||
| 338 |
_avolume _2rdacarrier |
||
| 500 | _aPrevious edition: published as by Frederic H. Martini, Judi L. Nath, Edwin F. Bartholomew, William C. Ober. 2018. | ||
| 500 | _aIncludes index. | ||
| 650 | 0 |
_aHuman physiology. _9201623 |
|
| 650 | 0 |
_aHuman anatomy. _9201625 |
|
| 700 | 1 |
_aNath, Judi Lindsley, _eauthor. _945583 |
|
| 700 | 1 |
_aBartholomew, Edwin F., _eauthor. _915810 |
|
| 700 | 1 |
_aOber, William C., _eillustrator. _917456 |
|
| 700 | 1 |
_aOber, Claire E., _eillustrator. _979808 |
|
| 920 | _aSOPU : 339941, 339942 | ||
| 999 | _c193222 | ||